000 00539nam a2200205Ia 4500
005 20230404092219.0
008 131103s9999 xx 000 0 und d
020 _a571058086
040 _aLoreto College
041 _aEnglish
082 _a822.91
_bBEC
100 _aBeckett, Samuel
245 _aWating for godot
_b a tragicomedy in two acts
_cSamuel Beckett
260 _aLondon
_bFaber and Faber
_c1968
300 _a94p.
650 _aEnglish play - tragic
651 _aEnglish play-comedy
850 _aLCLIB
942 _cBK
999 _c21978
_d72457